000 01645cam a22003854a 4500
001 6384675
003 ARRUPE
005 20150915122258.0
008 070326s2007 enk b 001 0 eng
010 _a 2007012467
020 _a9780826491770 (hbk.)
020 _a0826491774 (hbk.)
020 _a9780826491763 (pbk.)
020 _a0826491766 (pbk.)
024 _a40014995242
035 _a(OCoLC)122261725
035 _a(OCoLC)ocn122261725
035 _a(DLC) 2007012467
035 _a(NNC)6384675
040 _aDLC
_cDLC
_dBAKER
_dBTCTA
_dUKM
_dYDXCP
_dBWKUK
050 0 0 _aB395
_b.P74 2007
082 0 0 _a184
_222
100 1 _aPress, Gerald A.
_q(Gerald Alan),
_d1945-
_919033
245 1 0 _aPlato :
_ba guide for the perplexed /
_cGerald A. Press.
260 _aLondon ;
_aNew York :
_bContinuum,
_cc2007.
300 _aviii, 240 p. ;
_c23 cm.
490 1 _aGuides for the perplexed
504 _aIncludes bibliographical references (p. 231-234) and index.
505 0 _aPlato's life and works -- The contexts for interpreting Plato's dialogues -- A brief history of Platonism and Plato interpretation -- Dialogue form -- Arguments and ideas, vision and doctrines -- Fables, myths and stories -- Irony and other forms of humour -- Play and seriousness -- Paradox -- Platonic anonymity and the nature of Plato's philosophy -- Persistent themes and Plato's vision -- The platonic path to wisdom -- How to read a Platonic dialogue -- Summaries of the dialogues.
600 0 0 _aPlato.
_919034
830 0 _aGuides for the perplexed.
_911161
942 _2lcc
_cMONOGRAPH
948 1 _a20080201
_bc
_cjeb52
_dMPS
999 _c123157
_d123157